000
00263nam a2200109Ia 4500
008
200302s9999 xx 000 0 und d
100
_a
John Bale
245
_a
Landscapes of Modern Sport
260
_b
Leicester University Press
260
_c
1994
300
_a
211 P.,
999
_c
5627
_d
5627